Health economics and health core management (Record no. 12168)

MARC details
000 -LEADER
fixed length control field 00492nam a2200169Ia 4500
008 - FIXED-LENGTH DATA ELEMENTS--GENERAL INFORMATION
fixed length control field 230917s9999||||xx |||||||||||||| ||und||
020 ## - ISBN
Price RS3000
040 ## - CATALOGING SOURCE
-- 219083
Original cataloging agency VIVEKANANDA LIBRARY
041 ## - Language
-- English
082 ## - DDC NUMBER
Classification number 362.1068 S72H
100 ## - MAIN ENTRY--PERSONAL NAME
Personal name Sunder, I
245 #0 - TITLE STATEMENT
Title Health economics and health core management
260 ## - PUBLICATION, DISTRIBUTION, ETC. (IMPRINT)
Place of publication, distribution, etc New Delhi
Name of publisher, distributor, etc Serials Publications
Date of publication, distribution, etc 2012
300 ## - PHYSICAL DESCRIPTION
Pages xiii, 636 p.
500 ## - GENERAL NOTE
General note 1639 01/09/2014 IBS88 03/09/2014 Ch. Ranbir Singh Institute of Social and
942 ## - ADDED ENTRY ELEMENTS (KOHA)
Koha item type Books
Holdings
Withdrawn status Lost status Damaged status Not for loan Location (home branch) Sublocation or collection (holding branch) Shelving location Date acquired Koha issues (times borrowed) Koha full call number Accession No. Koha date last seen Koha item type
        VIVEKANANDA LIBRARY VIVEKANANDA LIBRARY Chaudhry Ranbir Singh Inst. of Social and Economic Change 26/09/2014   362.1068 S72H 307785 17/09/2023 Books
        VIVEKANANDA LIBRARY VIVEKANANDA LIBRARY   26/09/2014   362.1068 S72H 308926 17/09/2023 Books
© Designed and Maintained by Vivekananda Library, MDU Rohtak